| 000 -CABECERA |
| campo de control de longitud fija |
01861nam a2200337 u 4500 |
| 001 - NÚMERO DE CONTROL |
| campo de control |
000048857 |
| 005 - FECHA Y HORA DE LA ÚLTIMA TRANSACCIÓN |
| campo de control |
20200120222618.0 |
| 008 - DATOS DE LONGITUD FIJA--INFORMACIÓN GENERAL |
| campo de control de longitud fija |
120508s2003 ck gr 000 | spa d |
| 020 ## - NÚMERO INTERNACIONAL ESTÁNDAR DEL LIBRO |
| Número Internacional Estándar del Libro |
9586980987. |
| 043 ## - CÓDIGO DE ÁREA GEOGRÁFICA |
| Código de área geográfica |
s-ck--- |
| 082 04 - NÚMERO DE LA CLASIFICACIÓN DECIMAL DEWEY |
| Número de clasificación |
615.321 |
| Número de documento/Ítem |
O51 |
| Número de edición |
21 |
| 100 1# - ENTRADA PRINCIPAL--NOMBRE DE PERSONA |
| Nombre de persona |
Olaya Flórez, Julia María. |
| 245 10 - MENCIÓN DE TÍTULO |
| Título |
Guía de plantas y productos medicinales / |
| Mención de responsabilidad, etc. |
Julia María Olaya Flórez y Jacobo Méndez Alzamora ; edición : Luis Enrique Acero Duarte, Leonor Rodríguez Montenegro, Henry Yesid Bernal ; ilustraciones Luis Aurelio Durán. |
| 260 ## - PUBLICACIÓN, DISTRIBUCIÓN, ETC. |
| Lugar de publicación, distribución, etc. |
Bogotá : |
| Nombre del editor, distribuidor, etc. |
Convenio Andrés Bello, |
| Fecha de publicación, distribución, etc. |
2003. |
| 300 ## - DESCRIPCIÓN FÍSICA |
| Extensión |
32 p. : |
| Otras características físicas |
il., cuadrs. |
| 490 #0 - MENCIÓN DE SERIE |
| Mención de serie |
Ciencia y tecnología. Guías agroindustriales de las Upar |
| Designación de volumen o secuencia |
116 |
| 500 ## - NOTA GENERAL |
| Nota general |
Título tomado de la cubierta. |
| 500 ## - NOTA GENERAL |
| Nota general |
Ej.1 de Mosquera donado por la Biblioteca Nacional - PNLB 2012. |
| 504 ## - NOTA DE BIBLIOGRAFÍA, ETC. |
| Nota de bibliografía, etc. |
Incluye bibliografía. |
| 520 3# - SUMARIO, ETC. |
| Sumario, etc. |
"Esta guía responde a una necesidad del sector agropecuario, da una mirada a los procesos que se realizan con plantas medicinales, algunos se pueden ejecutar fácilmente, sin necesidad de equipos complicados o tecnologías avanzadas, otros son de producción exclusiva de la industria, pues requieren una inversión alta y desarrollos más complejos. Hay aquí una invitación a considerar el cultivo de plantas medicinales como una alternativa agroindustrial viable, fácil de desarrollar, con mercados interesantes y mucho futuro." |
| 650 14 - PUNTO DE ACCESO ADICIONAL DE MATERIA--TÉRMINO DE MATERIA |
| Término de materia o nombre geográfico como elemento de entrada |
Plantas medicinales |
| Subdivisión de forma |
Guías. |
| 650 24 - PUNTO DE ACCESO ADICIONAL DE MATERIA--TÉRMINO DE MATERIA |
| Término de materia o nombre geográfico como elemento de entrada |
Extractos vegetales |
| Subdivisión de forma |
Guías. |
| 650 24 - PUNTO DE ACCESO ADICIONAL DE MATERIA--TÉRMINO DE MATERIA |
| Término de materia o nombre geográfico como elemento de entrada |
Aceites vegetales |
| Subdivisión de forma |
Guías. |
| 650 24 - PUNTO DE ACCESO ADICIONAL DE MATERIA--TÉRMINO DE MATERIA |
| Término de materia o nombre geográfico como elemento de entrada |
Botánica médica |
| Subdivisión de forma |
Guías. |
| 650 24 - PUNTO DE ACCESO ADICIONAL DE MATERIA--TÉRMINO DE MATERIA |
| Término de materia o nombre geográfico como elemento de entrada |
Medicamentos |
| Subdivisión de forma |
Guías. |
| 700 1# - PUNTO DE ACCESO ADICIONAL--NOMBRE DE PERSONA |
| Nombre de persona |
Méndez Alzamora, Jacobo. |
| 700 1# - PUNTO DE ACCESO ADICIONAL--NOMBRE DE PERSONA |
| Nombre de persona |
Acero Duarte, Luis Enrique, |
| Término indicativo de función/relación |
ed. |
| 700 1# - PUNTO DE ACCESO ADICIONAL--NOMBRE DE PERSONA |
| Nombre de persona |
Rodríguez Montenegro, Leonor, |
| Término indicativo de función/relación |
ed. |
| 700 1# - PUNTO DE ACCESO ADICIONAL--NOMBRE DE PERSONA |
| Nombre de persona |
Bernal, Henry Yesid, |
| Término indicativo de función/relación |
ed. |
| 700 1# - PUNTO DE ACCESO ADICIONAL--NOMBRE DE PERSONA |
| Nombre de persona |
Durán, Luis Aurelio, |
| Término indicativo de función/relación |
il. |